| 000 | 00822nam a2200289 4500 | ||
|---|---|---|---|
| 003 | OSt | ||
| 005 | 20260530115300.0 | ||
| 008 | 260506b1979 |||||||| |||| 00| 0 eng d | ||
| 020 | _a9027709548 | ||
| 040 |
_aICI _bspa _cICI |
||
| 041 | _aeng | ||
| 050 |
_aT14 _bI34 |
||
| 100 | 1 |
_aIhde, Don _931139 |
|
| 245 | 1 | 0 | _aTechnics and Praxis |
| 250 | _a1a edición. | ||
| 260 |
_aDordrecht : _bD. Reidel Publishing Company, _c1934. |
||
| 264 | 1 |
_bD. REIDEL PUBLISHING Co. London _c1979 _aHolanda |
|
| 300 | _a151 páginas : | ||
| 336 |
_atexto _2rdacontent |
||
| 337 |
_asin medio _2rdamedia |
||
| 338 |
_avolumen _2rdacarrier |
||
| 650 |
_aTecnología _xFilosofía. |
||
| 650 |
_aTecnología y civilización. _925877 |
||
| 650 |
_aPraxis (Filosofía). _931141 |
||
| 650 |
_aCambio social. _922757 |
||
| 942 |
_2lcc _cBK _n1 |
||
| 999 |
_c12821 _d12821 |
||